000 01454cam a2200325 i 4500
001 vtls000954917
003 NUKAT
005 20250919220011.0
008 070806s2007 pl a |001 0 pol c
020 _a9788323120971
_qoprawa miękka
035 _azz2007953690
040 _aTOR U/KC
_bpol
_erda
_cTOR U/KC
_dTOR U/LF
_dKR 295/MGs
_dWR O/KSs
_dOLSZT 008/bak
100 1 _aWijaczka, Jacek
_d(1960- ).
_eAutor
_911694
245 1 0 _aProcesy o czary w Prusach Książęcych (Brandenburskich) w XVI-XVIII wieku /
_cJacek Wijaczka.
250 _aWydanie I.
260 _aToruń :
_bWydawnictwo Uniwersytetu Mikołaja Kopernika,
_c2007.
300 _a363 strony :
_bilustracje ;
_c24 cm.
336 _aTekst
_btxt
_2rdacontent
337 _aBez urządzenia pośredniczącego
_bn
_2rdamedia
338 _aWolumin
_bnc
_2rdacarrier
504 _aBibliografia na stronach 337-354. Indeks.
536 _aPublikacja dofinansowana ze środków Komitetu Badań Naukowych w latach 2004-2006 jako projekt badawczy
650 _aCzary
_zPrusy Wschodnie (prowincja)
_y1500-1800.
_920076
650 _aCzarownice
_zPrusy Wschodnie (prowincja)
_y1500-1800.
_920075
650 _aCzarnoksięstwo
_xprocesy
_zPrusy Wschodnie (prowincja)
_y1500-1800.
_920077
710 2 _aUniwersytet Mikołaja Kopernika (Toruń).
_bDział Wydawniczy.
_eWydawca
_4pbl
_911980
856 4 8 _3Okładka
_uhttp://www.nukat.edu.pl/nukat/icov/zz2007953690.jpg
942 _2ddc
_cBK_NM
999 _c329
_d329